Návrh a výroba ortopedickej pomôcky

Saved in:
Bibliographic Details
Main Author: Šedivá, Dominika (Author)
Other Authors: Molnár, Ivan (Thesis advisor)
Format: Manuscript Book
Language:Slovak
Published: 2023
Subjects:
Online Access:http://is.stuba.sk/zp/portal_zp.pl?podrobnosti=170422
Tags: Add Tag
No Tags, Be the first to tag this record!

MARC

LEADER 00000ntm a22000003a 4500
001 stuzp94746
003 SK-STU
005 20230909223043.8
007 ta
008 150427s2015----xo-----f-mn---000-0-slo-d
040 |a STU  |b slo 
041 0 |a slo 
100 1 |a Šedivá, Dominika  |u 063000  |4 aut  |U MTF Materiálovotechnologická fakulta  |T MTF Ústav výrobných technológií  |X 99576  |U M3000  |Y 83  |7 99576 
242 0 1 |a Design and Manufacture of Orthopedic Aid  |y eng 
245 1 0 |a Návrh a výroba ortopedickej pomôcky 
260 |c 2023 
650 4 |a Ortopédia  |2 slo 
650 4 |a Ortopedické vložky  |2 slo 
650 4 |a Aditívna výroba  |2 slo 
650 4 |a 3D digitalizácia  |2 slo 
650 4 |a CAD návrh  |2 slo 
650 4 |a Kyselina polymliečná  |2 slo 
650 4 |a Fused Deposition Modeling  |2 slo 
650 4 |a 3D tlač  |2 slo 
650 4 |a Vlákno  |2 slo 
650 4 |a Orthopedics  |2 eng 
650 4 |a Orthopedic Insoles  |2 eng 
650 4 |a Additive Manufacturing  |2 eng 
650 4 |a 3D Digitization  |2 eng 
650 4 |a CAD Design  |2 eng 
650 4 |a Polylactic Acid  |2 eng 
650 4 |a Fused Deposition Modeling  |2 eng 
650 4 |a 3D Printing  |2 eng 
650 4 |a Fiber  |2 eng 
700 1 |a Molnár, Ivan  |4 ths  |X 45979  |7 A000045979 
856 4 |u http://is.stuba.sk/zp/portal_zp.pl?podrobnosti=170422 
996 |c M* DP-15250  |l MMSKP  |s P  |a 0  |w stuzp94746_0001